00452nam a2200181 a 4500001001300000003000900013005001700022008004100039020001000080082001400090100002100104245001200125260004900137300000800186500003500194650002000229700002100249nice12345678IN_TiNIC20260116012643.0080125s0000 hyda grp 000 0 urd  ac10000a954bALI1 aAli, Syed Rahmat aKashmir aHyderabad bNationalist Kashmir Front c0000 a40p aincludes index and biblioraphy aKashmir-History1 aAli, Syed Rahmat